00713nam a2200205 4500999001500000001000500015003000900020005001700029008004100046040003800087082002400125245005900149260006200208300002200270505001100292650004400303700002200347942001200369952012600381 c1839d18399563BD-DhUAP20200217104734.0200216r20041981bg mx p w 0 a0eng d aBD-DhAALcBD-DhAALbEngdBD-DhUAP00223a340.5492115 BAN00aBangladesh legal decision /cedited by Mahmudul Islam. aDhaka :bBangladesh Bar Council,cc1981 [Reprinted 2004]. avolumes ;c26 cm. aV. 1-- aLawxPsychological aspectszBangladesh. aIslam, Mahmudul.  2ddccBK 00102ddc4070aUAPCLbUAPCLcGeneral Stacksd2020-02-17o340.5492115 BAN V-1p3010009563r2020-02-17t1w2020-02-17yBK